| 000 | 00494nam a22001817a 4500 | ||
|---|---|---|---|
| 005 | 20170703105713.0 | ||
| 010 | _aENG-118550 | ||
| 020 |
_a9789350451076 _c200.00 |
||
| 035 | _aEN-102082 | ||
| 037 | _bDBAD/PUB | ||
| 082 | _a881 | ||
| 100 | _aKatyal,Akhil | ||
| 245 |
_aNight charge extra / _cby Akhil Katyal |
||
| 260 |
_aCalcutta _bWriters Workshop _c2015 |
||
| 270 |
_a162/92,Lake Garden _bCalcutta _e700045 |
||
| 300 |
_a92p. _b22cm(Hb) |
||
| 942 |
_2ddc _cEN _h881 _mKAT |
||
| 999 |
_c140850 _d140850 |
||